The law of hospital and health care administration /

Bibliographic Details
Main Author: Southwick, Arthur F.
Other Authors: Slee, Debora A.
Format: Book
Language:English
Published: Ann Arbor, Mich. : Health Administration Press, 1988.
Edition:Second edition.
Subjects:

MARC

Tag First Indicator Second Indicator Subfields
LEADER 00000cam a22000008a 4500
001 in00004457595
005 20210818134930.0
008 880210s1988 miu b 00110 eng c
010 |a  88003007  
020 |a 0910701334 :  |c $40.00 
035 |a (OCoLC)17545853 
035 |9 AAA7591MS 
035 |z (UtOrBLW)3135 
035 |a 4743 
040 |a DNLM/DLC  |c DLC  |d TMV  |d UtOrBLW 
043 |a n-us--- 
049 |a TMVM  |c 1 
050 0 0 |a KF3825  |b .S65 1988 
060 0 |a WX 33 AA1  |b S65L 1988 
100 1 |a Southwick, Arthur F. 
245 1 4 |a The law of hospital and health care administration /  |c Arthur F. Southwick ; with contributions and legal research on professional liability and family planning by Debora A. Slee. 
250 |a Second edition. 
264 1 |a Ann Arbor, Mich. :  |b Health Administration Press,  |c 1988. 
300 |a xiv, 722 pages ;  |c 24 cm. 
336 |a text  |2 rdacontent  |b txt 
337 |a unmediated  |2 rdamedia 
338 |a volume  |2 rdacarrier  |b nc 
504 |a Includes bibliographical references and indexes. 
650 2 |a Legislation, Hospital. 
650 2 |a Public Health Administration. 
650 2 |a Legislation. 
651 2 |a United States. 
700 1 |a Slee, Debora A. 
999 |a MARS 
999 f f |s e2d80f94-2d02-343d-bd10-e4c92f7f196c  |i 856f8be8-69d2-3491-9742-1a6f1036939a  |t 0 
952 f f |p ric  |a Texas A&M University  |b Rellis Campus  |c Joint Library Facility  |d Remote Storage  |t 0  |e WX 33 AA1 S65L 1988  |h National Library of Medicine classification  |i unmediated -- volume  |m 3238900824725 
998 f f |a WX 33 AA1 S65L 1988  |t 0  |l Remote Storage